[Event "Mercredi 2022.10.05 ABCD"]
[Site "Montreal CAN"]
[Date "2022.10.19"]
[Round "3"]
[White "Chapdelaine, Gwyn"]
[Black "Nunez, Omar"]
[Result "1-0"]
[WhiteElo "1889"]
[BlackElo "1916"]
[PlyCount "45"]
[EventDate "2022.10.05"]
[EventType "tourn"]
[EventRounds "5"]
[EventCountry "CAN"]

1. e4 d5 2. exd5 Nf6 3. Nc3 Bg4 4. Be2 Bxe2 5. Qxe2 Qd7 6. Nf3 Nxd5 7. O-O Nc6
8. d4 O-O-O 9. Ne4 e6 10. c4 Nf6 11. Rd1 Nxe4 12. Qxe4 f6 13. Be3 Bd6 14. a3 g5
15. d5 exd5 16. cxd5 Ne5 17. Nxe5 Bxe5 18. Bxa7 Rhe8 19. Qc4 Bxb2 20. Rab1 Qf5
21. Rxb2 Rxd5 22. Rf1 Ra5 23. Bb6 1-0

[Event "Mercredi 2022.10.05 ABCD"]
[Site "Montreal CAN"]
[Date "2022.10.19"]
[Round "3"]
[White "Have, Didier"]
[Black "Mok, Yuen Tak"]
[Result "1/2-1/2"]
[WhiteElo "1998"]
[BlackElo "1995"]
[PlyCount "79"]
[EventDate "2022.10.05"]
[EventType "tourn"]
[EventRounds "5"]
[EventCountry "CAN"]

1. d4 d5 2. Nf3 Nf6 3. e3 c6 4. c4 e6 5. Nc3 Nbd7 6. Qc2 Bd6 7. b3 O-O 8. Bd3
e5 9. dxe5 Nxe5 10. Nxe5 Bxe5 11. Bb2 dxc4 12. bxc4 Qe7 13. Ne2 Bxb2 14. Qxb2
Ng4 15. Qc2 h6 16. O-O Qh4 17. h3 Ne5 18. Nf4 Be6 19. Nxe6 fxe6 20. Be4 Nf7 21.
f4 Rae8 22. Bh7+ Kh8 23. Bg6 Rd8 24. Rad1 Nd6 25. c5 Nf5 26. Rxd8 Qxd8 27. Bxf5
Rxf5 28. Rb1 Qd7 29. Rd1 Rd5 30. Rxd5 Qxd5 31. e4 Qd4+ 32. Kh1 Qe3 33. f5 exf5
34. exf5 Qe1+ 35. Kh2 Qe5+ 36. Kh1 Qe1+ 37. Kh2 Qe5+ 38. Kh1 Qd5 39. Qf2 Qe5
40. Qc2 1/2-1/2

[Event "Mercredi 2022.10.05 ABCD"]
[Site "Montreal CAN"]
[Date "2022.10.25"]
[Round "3"]
[White "Jacquet, Stephane"]
[Black "Toenz, Antoine"]
[Result "1-0"]
[WhiteElo "2071"]
[BlackElo "2052"]
[PlyCount "55"]
[EventDate "2022.10.05"]
[EventType "tourn"]
[EventRounds "5"]
[EventCountry "CAN"]

1. d4 d5 2. c4 c6 3. Nc3 Nf6 4. Nf3 e6 5. Bg5 h6 6. Bh4 dxc4 7. e4 g5 8. Bg3 b5
9. h4 Rg8 10. hxg5 hxg5 11. e5 Nd5 12. Ne4 Bb4+ 13. Nfd2 Qa5 14. Rh7 Nd7 15. a3
Bxd2+ 16. Qxd2 Qxd2+ 17. Kxd2 Kf8 18. Be2 c5 19. Rah1 Ne7 20. dxc5 Ng6 21. Nf6
Nxf6 22. exf6 Bb7 23. Bd6+ Ke8 24. R1h6 Bxg2 25. Bh5 Be4 26. Bxg6 Rxg6 27. Rxg6
fxg6 28. f7+ 1-0

[Event "Mercredi 2022.10.05 ABCD"]
[Site "Montreal CAN"]
[Date "2022.10.24"]
[Round "3"]
[White "Latorre, Vincent"]
[Black "Tremblay, Alain"]
[Result "0-1"]
[WhiteElo "2101"]
[BlackElo "2164"]
[PlyCount "80"]
[EventDate "2022.10.05"]
[EventType "tourn"]
[EventRounds "5"]
[EventCountry "CAN"]

1. e4 e6 2. d4 d5 3. Nc3 Bb4 4. exd5 exd5 5. a3 Bxc3+ 6. bxc3 Bf5 7. Bd3 Ne7 8.
Nf3 Nbc6 9. O-O O-O 10. Re1 Re8 11. Bf4 Qd7 12. Rb1 b6 13. Qd2 f6 14. c4 Na5
15. cxd5 Nxd5 16. Bg3 Bxd3 17. Qxd3 Qc6 18. h4 Qc4 19. Kh2 Qxd3 20. cxd3 Kf7
21. Rbc1 Rxe1 22. Rxe1 Re8 23. Rc1 Re7 24. Kg1 Ke6 25. Kf1 Kd7 26. Rc2 Nc6 27.
Rb2 a6 28. Rc2 Na7 29. Rc4 a5 30. a4 Nc6 31. h5 Ncb4 32. Ne1 c6 33. Bh2 b5 34.
Rc1 bxa4 35. Ra1 a3 36. Nf3 a2 37. g4 Nc3 38. Ne1 Rxe1+ 39. Kxe1 Nc2+ 40. Kd2
Nxa1 0-1

[Event "Mercredi 2022.10.05 ABCD"]
[Site "Montreal CAN"]
[Date "2022.10.19"]
[Round "3"]
[White "Rodrigue-Lemieux, Shawn"]
[Black "Leveille, Francois"]
[Result "1-0"]
[WhiteElo "2498"]
[BlackElo "2325"]
[PlyCount "55"]
[EventDate "2022.10.05"]
[EventType "tourn"]
[EventRounds "5"]
[EventCountry "CAN"]

1. e4 e5 2. Nf3 d6 3. d4 exd4 4. Nxd4 Nf6 5. Nc3 g6 6. g3 Bg7 7. Bg2 O-O 8. O-O
Re8 9. h3 a6 10. Re1 Nbd7 11. a4 Rb8 12. Bf4 Ne5 13. Qe2 Nh5 14. Be3 Bd7 15.
Rad1 Qc8 16. Kh2 c5 17. Nf5 Bxf5 18. exf5 Nc6 19. fxg6 hxg6 20. Ne4 Qc7 21.
Nxd6 Re6 22. Ne4 Rbe8 23. Qc4 b6 24. c3 Na5 25. Qxa6 f5 26. Ng5 Rxe3 27. Bd5+
Kh8 28. Rxe3 1-0

[Event "Mercredi 2022.10.05 ABCD"]
[Site "Montreal CAN"]
[Date "2022.10.19"]
[Round "3"]
[White "San Roman, Oscar"]
[Black "Cote, Etienne"]
[Result "1-0"]
[WhiteElo "1830"]
[BlackElo "1832"]
[PlyCount "85"]
[EventDate "2022.10.05"]
[EventType "tourn"]
[EventRounds "5"]
[EventCountry "CAN"]

1. e4 e6 2. d4 d5 3. exd5 exd5 4. Nf3 Nc6 5. Be2 Bf5 6. O-O Bd6 7. Re1 Nge7 8.
c3 Qd7 9. Be3 O-O-O 10. b4 f6 11. Nbd2 g5 12. Nb3 Ng6 13. b5 Nce7 14. Nc5 Qe8
15. Qa4 Kb8 16. Nd2 Nf4 17. Bxf4 Bxf4 18. Nf1 h5 19. Nd3 Bd6 20. Qb3 Qg6 21.
Nb4 g4 22. Nc6+ Ka8 23. Nxd8 Rxd8 24. Ne3 Be4 25. a4 Nf5 26. Nxf5 Qxf5 27. Rf1
Qg5 28. g3 h4 29. c4 hxg3 30. fxg3 dxc4 31. Bxc4 Qd2 32. Rf2 Qxd4 33. Rd1 Qe5
34. Kf1 Rh8 35. Bd5 Bc5 36. Rf4 f5 37. Bxe4 fxe4 38. Qd5 Qxd5 39. Rxd5 b6 40.
Rxe4 Rxh2 41. Rd8+ Kb7 42. Ree8 c6 43. Rd7# 1-0

[Event "Mercredi 2022.10.05 ABCD"]
[Site "Montreal CAN"]
[Date "2022.10.26"]
[Round "4"]
[White "Adam, Rafael"]
[Black "Rodrigue-Lemieux, Shawn"]
[Result "0-1"]
[WhiteElo "2216"]
[BlackElo "2498"]
[PlyCount "70"]
[EventDate "2022.10.05"]
[EventType "tourn"]
[EventRounds "5"]
[EventCountry "CAN"]

1. d4 a6 2. g3 d5 3. Bg2 c6 4. Nf3 Bf5 5. O-O e6 6. c4 Nf6 7. Nc3 Nbd7 8. h3 h6
9. Qb3 b5 10. cxd5 cxd5 11. Bf4 Be7 12. Ne5 Rc8 13. Rac1 O-O 14. Nb1 Qb6 15.
Nd2 Nxe5 16. Bxe5 Nd7 17. Nf3 Nxe5 18. dxe5 Rc4 19. Rxc4 dxc4 20. Qc3 Rd8 21.
b3 cxb3 22. axb3 a5 23. e3 Bb4 24. Qb2 a4 25. bxa4 bxa4 26. Ra1 Qa5 27. Qa2 a3
28. Nd4 Qc7 29. Nxf5 Rd2 30. Qb3 Rb2 31. Qa4 exf5 32. Qe8+ Kh7 33. e6 Qc2 34.
Rf1 a2 35. Qxf7 a1=Q 0-1

[Event "Mercredi 2022.10.05 ABCD"]
[Site "Montreal CAN"]
[Date "2022.10.26"]
[Round "4"]
[White "Barko, Maxim"]
[Black "Genzling, Jerome"]
[Result "0-1"]
[WhiteElo "1925"]
[BlackElo "1992"]
[PlyCount "92"]
[EventDate "2022.10.05"]
[EventType "tourn"]
[EventRounds "5"]
[EventCountry "CAN"]

1. e4 c5 2. Nf3 Nc6 3. Bb5 g6 4. O-O Bg7 5. Re1 a6 6. Bf1 d6 7. c3 Bg4 8. h3
Bxf3 9. Qxf3 e6 10. Na3 Nge7 11. d3 O-O 12. Qg3 b5 13. Bf4 d5 14. e5 Qb8 15.
Nc2 Nf5 16. Qh2 d4 17. g4 Nh4 18. Qg3 Bxe5 19. Bxe5 Nxe5 20. Rxe5 Qxe5 21. Bg2
Qxg3 22. fxg3 Nxg2 23. Kxg2 dxc3 24. bxc3 Rfd8 25. Rd1 Ra7 26. Kf2 Rad7 27. Ke2
g5 28. Ne1 f6 29. Nf3 e5 30. Rd2 Kf7 31. Ke3 a5 32. a3 b4 33. axb4 cxb4 34.
cxb4 axb4 35. Ne1 b3 36. Rb2 Rb8 37. Nf3 Ra7 38. Nd2 Ra3 39. Ke4 Ke6 40. h4 h6
41. Ke3 Rb4 42. Ne4 Ke7 43. Nc3 Rxg4 44. Kf3 Rd4 45. Nb5 Rxd3+ 46. Ke4 Ra2 0-1

[Event "Mercredi 2022.10.05 ABCD"]
[Site "Montreal CAN"]
[Date "2022.10.26"]
[Round "4"]
[White "Beaudry, Marc-Andre"]
[Black "Jacquet, Stephane"]
[Result "1-0"]
[WhiteElo "2033"]
[BlackElo "2071"]
[PlyCount "61"]
[EventDate "2022.10.05"]
[EventType "tourn"]
[EventRounds "5"]
[EventCountry "CAN"]

1. e4 d6 2. d4 g6 3. Nc3 Bg7 4. Be3 a6 5. Qd2 b5 6. O-O-O Nd7 7. f3 Bb7 8. h4
h5 9. Nh3 Rc8 10. Ng5 c5 11. e5 cxd4 12. e6 fxe6 13. Bxd4 Bxd4 14. Qxd4 Ngf6
15. Nxe6 Qb6 16. Bd3 Rg8 17. Qf4 Ne5 18. Rhe1 b4 19. Ne4 Nd5 20. Qh6 b3 21.
axb3 Qxb3 22. Nxd6+ exd6 23. Nd4 Qa2 24. Bxg6+ Kd7 25. Qh7+ Ne7 26. Bf5+ Ke8
27. Qxh5+ Nf7 28. Be6 Qa1+ 29. Kd2 Rxg2+ 30. Re2 Rxe2+ 31. Kxe2 1-0

[Event "Mercredi 2022.10.05 ABCD"]
[Site "Montreal CAN"]
[Date "2022.10.26"]
[Round "4"]
[White "Beaulieu, Pierre"]
[Black "Allaire, Denis"]
[Result "1-0"]
[WhiteElo "1850"]
[BlackElo "1727"]
[PlyCount "73"]
[EventDate "2022.10.05"]
[EventType "tourn"]
[EventRounds "5"]
[EventCountry "CAN"]

1. Nf3 d5 2. g3 g6 3. Bg2 Bg7 4. d4 c6 5. O-O Nf6 6. b3 a5 7. Nbd2 O-O 8. Bb2
Bf5 9. Nh4 Be6 10. c4 a4 11. cxd5 Nxd5 12. bxa4 Qa5 13. Nb3 Qxa4 14. Qb1 Nd7
15. e4 Nb4 16. d5 cxd5 17. exd5 Bxd5 18. Bxg7 Kxg7 19. Bxd5 Nxd5 20. Rd1 N5f6
21. Qb2 Rfc8 22. Rd4 Qc6 23. Rc1 Qe6 24. Rcd1 Nc5 25. Nf3 h6 26. Re1 Qb6 27.
Rxe7 Re8 28. Rxe8 Rxe8 29. h4 Re4 30. g4 Kh7 31. g5 Rg4+ 32. Rxg4 Nxg4 33. gxh6
f6 34. Qd4 Qc6 35. Qxg4 f5 36. Qd4 Ne6 37. Ng5+ 1-0

[Event "Mercredi 2022.10.05 ABCD"]
[Site "Montreal CAN"]
[Date "2022.10.26"]
[Round "4"]
[White "Cardin, Guillaume"]
[Black "Tremblay, Alain"]
[Result "1/2-1/2"]
[WhiteElo "2133"]
[BlackElo "2164"]
[PlyCount "42"]
[EventDate "2022.10.05"]
[EventType "tourn"]
[EventRounds "5"]
[EventCountry "CAN"]

1. d4 Nf6 2. c4 e6 3. Nf3 d5 4. Nc3 Be7 5. Bf4 O-O 6. e3 c5 7. dxc5 Bxc5 8. a3
Nc6 9. Qc2 Qa5 10. Rd1 Re8 11. Nd2 Bf8 12. Bd3 dxc4 13. Nxc4 Qh5 14. Be2 Qg6
15. Qxg6 hxg6 16. Nb5 Re7 17. O-O e5 18. Bg5 Be6 19. Rc1 Rd8 20. Rfd1 Red7 21.
Rxd7 Rxd7 1/2-1/2

[Event "Mercredi 2022.10.05 ABCD"]
[Site "Montreal CAN"]
[Date "2022.10.26"]
[Round "4"]
[White "Cote, Etienne"]
[Black "Sekki, Abderaouf"]
[Result "0-1"]
[WhiteElo "1832"]
[BlackElo "1881"]
[PlyCount "36"]
[EventDate "2022.10.05"]
[EventType "tourn"]
[EventRounds "5"]
[EventCountry "CAN"]

1. e4 d6 2. d4 Nf6 3. Nc3 Nbd7 4. Be3 e5 5. Nf3 c6 6. Bc4 Be7 7. a4 Qc7 8. O-O
h6 9. dxe5 dxe5 10. h3 g5 11. Bxg5 hxg5 12. Nxg5 Rf8 13. Qd2 Nh5 14. g3 Bxg5
15. Qxg5 Ndf6 16. g4 Rg8 17. Qh6 Bxg4 18. Kh2 Bxh3 0-1

[Event "Mercredi 2022.10.05 ABCD"]
[Site "Montreal CAN"]
[Date "2022.10.26"]
[Round "4"]
[White "Di Matteo, Alessio"]
[Black "Nunez, Omar"]
[Result "1-0"]
[WhiteElo "1973"]
[BlackElo "1916"]
[PlyCount "91"]
[EventDate "2022.10.05"]
[EventType "tourn"]
[EventRounds "5"]
[EventCountry "CAN"]

1. d4 c5 2. d5 e5 3. e4 d6 4. c4 g6 5. Nc3 Bg7 6. g3 Ne7 7. Bg2 Na6 8. Nge2 O-O
9. O-O f5 10. f4 fxe4 11. Nxe4 Bg4 12. h3 Bxe2 13. Qxe2 Nf5 14. Kh2 Nd4 15. Qd1
Qe7 16. Ng5 Nc7 17. Be3 Nf5 18. Bd2 exf4 19. Bxf4 Rab8 20. Re1 Qf6 21. Rb1 Nd4
22. Ne6 Ncxe6 23. dxe6 Qe7 24. Bd5 Rxf4 25. gxf4 Rf8 26. Qg4 Kh8 27. Kg2 b6 28.
b4 Rf5 29. bxc5 dxc5 30. Rbd1 Bh6 31. Re4 Rh5 32. Rexd4 cxd4 33. Rxd4 Rh4 34.
Qe2 Bg7 35. Re4 Bf6 36. Qe3 Rh5 37. a4 Kg8 38. Qd3 Kf8 39. Bc6 Rc5 40. Bb5 Qd8
41. Bd7 Qc7 42. Bb5 Qb7 43. Qd6+ Qe7 44. Qb8+ Kg7 45. Bd7 Ra5 46. Bb5 1-0

[Event "Mercredi 2022.10.05 ABCD"]
[Site "Montreal CAN"]
[Date "2022.10.26"]
[Round "4"]
[White "Have, Didier"]
[Black "Batorshyn, Ilia"]
[Result "1-0"]
[WhiteElo "1998"]
[BlackElo "2080"]
[PlyCount "43"]
[EventDate "2022.10.05"]
[EventType "tourn"]
[EventRounds "5"]
[EventCountry "CAN"]

1. d4 d5 2. c4 Nc6 3. Nf3 Bg4 4. cxd5 Bxf3 5. dxc6 Bxc6 6. Nc3 Nf6 7. Bf4 e6 8.
e3 Qd7 9. Rc1 Be7 10. Be2 O-O 11. O-O Rac8 12. Qc2 Bd6 13. Bg3 Bxg3 14. hxg3
Rfd8 15. Rcd1 Qe7 16. e4 Rd7 17. Rfe1 Rcd8 18. d5 exd5 19. exd5 Nxd5 20. Bg4
Nb4 21. Rxe7 Rxd1+ 22. Qxd1 1-0

[Event "Mercredi 2022.10.05 ABCD"]
[Site "Montreal CAN"]
[Date "2022.10.26"]
[Round "4"]
[White "Leveille, Francois"]
[Black "Latorre, Vincent"]
[Result "1/2-1/2"]
[WhiteElo "2325"]
[BlackElo "2101"]
[PlyCount "77"]
[EventDate "2022.10.05"]
[EventType "tourn"]
[EventRounds "5"]
[EventCountry "CAN"]

1. Nf3 Nf6 2. c4 c5 3. Nc3 e6 4. g3 b6 5. Bg2 Bb7 6. O-O d6 7. d4 cxd4 8. Nxd4
Bxg2 9. Kxg2 a6 10. Qa4+ Qd7 11. Rd1 Qxa4 12. Nxa4 Nbd7 13. b3 Rc8 14. Ba3 Be7
15. Rac1 O-O 16. f3 Rc7 17. Nc2 b5 18. Nb2 Nc5 19. Bxc5 Rxc5 20. Nd3 Rcc8 21.
cxb5 axb5 22. Nd4 Nd5 23. Rxc8 Rxc8 24. Rc1 Rxc1 25. Nxc1 Nc3 26. e4 Kf8 27.
Nde2 Nxe2 28. Nxe2 b4 29. Nf4 Ke8 30. Kf2 Bd8 31. Ke2 Kd7 32. Kd3 g5 33. Ne2 d5
34. exd5 exd5 35. Nd4 Kd6 36. Nc2 Kc5 37. Ne3 Kd6 38. Nc2 Ke5 39. Ne3 1/2-1/2

[Event "Mercredi 2022.10.05 ABCD"]
[Site "Montreal CAN"]
[Date "2022.10.26"]
[Round "4"]
[White "Mok, Yuen Tak"]
[Black "Toenz, Antoine"]
[Result "1-0"]
[WhiteElo "1995"]
[BlackElo "2052"]
[PlyCount "85"]
[EventDate "2022.10.05"]
[EventType "tourn"]
[EventRounds "5"]
[EventCountry "CAN"]

1. e4 c6 2. d4 d5 3. e5 c5 4. dxc5 Nc6 5. f4 e6 6. Be3 Nh6 7. Nf3 Nf5 8. Bg1
Be7 9. g4 Nh6 10. h3 Bd7 11. Nbd2 a5 12. a4 Qc7 13. Nb3 f6 14. Bb5 Nf7 15. Bxc6
Bxc6 16. Nbd4 Bd7 17. f5 Nxe5 18. fxe6 Bc8 19. Nf5 g6 20. Nxe7 Kxe7 21. Qe2
Nxf3+ 22. Qxf3 Bxe6 23. Bd4 Rhf8 24. O-O-O Qc6 25. b3 Rac8 26. Rd2 f5 27. g5
Qc7 28. h4 Rcd8 29. h5 Rf7 30. Re2 Kd7 31. Rhe1 Re8 32. Re5 Qc6 33. Qe2 Rfe7
34. Kb2 Rf7 35. Qd2 Qc7 36. Qd3 Qc6 37. hxg6 hxg6 38. Bf2 Kc7 39. Qd2 Qa6 40.
Rxd5 Bxd5 41. Rxe8 Qc6 42. Qxa5+ Kd7 43. Qd8# 1-0

[Event "Mercredi 2022.10.05 ABCD"]
[Site "Montreal CAN"]
[Date "2022.10.26"]
[Round "4"]
[White "San Roman, Oscar"]
[Black "Baran, Marius"]
[Result "0-1"]
[WhiteElo "1830"]
[BlackElo "1722"]
[PlyCount "66"]
[EventDate "2022.10.05"]
[EventType "tourn"]
[EventRounds "5"]
[EventCountry "CAN"]

1. e4 d5 2. exd5 Nf6 3. d4 Nxd5 4. c4 Nb4 5. a3 N4c6 6. d5 Ne5 7. Bf4 Ng6 8.
Bg3 e6 9. Nc3 Bd6 10. Nf3 O-O 11. Bd3 exd5 12. Nxd5 Re8+ 13. Kf1 Bg4 14. Qc2
Bxf3 15. gxf3 Nc6 16. Bxg6 fxg6 17. Rd1 Rc8 18. c5 Bxg3 19. hxg3 Qg5 20. Qc4
Kh8 21. Kg2 h6 22. Nf4 Re5 23. Rd7 Qf5 24. Rf7 Rxc5 25. Qa2 Qc2 26. Ne6 Rh5 27.
Rxh5 gxh5 28. Rxg7 Rf8 29. Qd5 Qf5 30. Qd7 Qxf3+ 31. Kh2 Qxf2+ 32. Kh3 Qf1+ 33.
Kh4 Qh1# 0-1

[Event "Mercredi 2022.10.05 ABCD"]
[Site "Montreal CAN"]
[Date "2022.11.02"]
[Round "5"]
[White "Allaire, Denis"]
[Black "San Roman, Oscar"]
[Result "0-1"]
[WhiteElo "1727"]
[BlackElo "1830"]
[PlyCount "86"]
[EventDate "2022.10.05"]
[EventType "tourn"]
[EventRounds "5"]
[EventCountry "CAN"]

1. e4 c5 2. c3 d5 3. exd5 Qxd5 4. d4 cxd4 5. cxd4 Nc6 6. Nf3 Bg4 7. Nc3 Qe6+ 8.
Be3 Qc8 9. d5 Nb8 10. Rc1 Qd8 11. Qa4+ Bd7 12. Bb5 a6 13. Ne5 Nf6 14. O-O g6
15. Nxd7 Nbxd7 16. Be2 Bg7 17. Bf3 b5 18. Qh4 Ne5 19. Be2 Nxd5 20. Rfd1 e6 21.
Bg5 Qd6 22. Nxd5 exd5 23. b3 O-O 24. Be7 Qe6 25. Bxf8 Rxf8 26. Rc5 Bf6 27. Qf4
Rd8 28. Qd2 d4 29. Re1 Qd6 30. Rec1 Kg7 31. Qf4 d3 32. Bxd3 Nxd3 33. Qxd6 Rxd6
34. Rc6 Rxc6 35. Rxc6 Nb4 36. Rd6 Nxa2 37. Rxa6 Nc3 38. g4 Ne2+ 39. Kf1 Nd4 40.
Rb6 Be7 41. Rb7 Bf8 42. h4 b4 43. g5 Nxb3 0-1

[Event "Mercredi 2022.10.05 ABCD"]
[Site "Montreal CAN"]
[Date "2022.11.02"]
[Round "5"]
[White "Baran, Marius"]
[Black "Cote, Etienne"]
[Result "1/2-1/2"]
[WhiteElo "1722"]
[BlackElo "1832"]
[PlyCount "122"]
[EventDate "2022.10.05"]
[EventType "tourn"]
[EventRounds "5"]
[EventCountry "CAN"]

1. d4 Nf6 2. c4 e5 3. dxe5 Ne4 4. Nf3 d6 5. Nbd2 Bf5 6. Nxe4 Bxe4 7. Bf4 Nc6 8.
exd6 Qf6 9. d7+ Kd8 10. Bg5 Bb4+ 11. Qd2 Bxd2+ 12. Kxd2 Kxd7 13. Bxf6 gxf6 14.
e3 Rad8 15. Be2 Kc8+ 16. Kc3 Rhg8 17. Rhg1 a5 18. a3 a4 19. Rad1 Rxd1 20. Bxd1
Rd8 21. Nd4 Ne5 22. f3 Bg6 23. f4 c5 24. fxe5 cxd4+ 25. exd4 fxe5 26. d5 b5 27.
Re1 e4 28. Kd4 bxc4 29. Bxa4 Kc7 30. Kxc4 Kd6 31. Bc6 f5 32. Kd4 f4 33. b4 Bf5
34. b5 Rg8 35. Rf1 Rxg2 36. Rxf4 Rd2+ 37. Ke3 Rd3+ 38. Ke2 Ke5 39. Rf1 Rxa3 40.
Rb1 e3 41. Rb4 h5 42. Rb2 Bg4+ 43. Kf1 e2+ 44. Rxe2+ Bxe2+ 45. Kxe2 Ra2+ 46.
Kf3 Rxh2 47. b6 Rb2 48. b7 Rb4 49. Kg3 Kd6 50. Kh3 Kc7 51. Kg3 Rg4+ 52. Kh3 Rg8
53. Kh4 Rh8 54. Bb5 Kxb7 55. Be2 Kc7 56. Bxh5 Kd6 57. Kg5 Kxd5 58. Bd1 Ke5 59.
Bb3 Rh3 60. Bc2 Rg3+ 61. Kh5 Kf6 1/2-1/2

[Event "Mercredi 2022.10.05 ABCD"]
[Site "Montreal CAN"]
[Date "2022.11.02"]
[Round "5"]
[White "Batorshyn, Ilia"]
[Black "Jacquet, Stephane"]
[Result "1/2-1/2"]
[WhiteElo "2080"]
[BlackElo "2071"]
[PlyCount "99"]
[EventDate "2022.10.05"]
[EventType "tourn"]
[EventRounds "5"]
[EventCountry "CAN"]

1. e4 d6 2. d4 g6 3. Nc3 Bg7 4. Be3 a6 5. Qd2 b5 6. f3 Nd7 7. h4 Ngf6 8. Nh3
Nb6 9. Bh6 Bxh6 10. Qxh6 Bxh3 11. Rxh3 b4 12. Nd1 c6 13. Ne3 Qc7 14. Qf4 Nh5
15. Qh2 e5 16. g3 a5 17. Rd1 O-O-O 18. d5 f5 19. Qe2 f4 20. g4 fxe3 21. gxh5
cxd5 22. exd5 Qc5 23. Qb5 Rhg8 24. h6 Kc7 25. Rh2 Rgf8 26. Be2 Qxb5 27. Bxb5
Rxf3 28. Be2 Rf4 29. Rd3 Rdf8 30. Rxe3 Nxd5 31. Rg3 Nf6 32. a3 Ne4 33. Rgg2 Kb6
34. Bd3 Nc5 35. h5 Nxd3+ 36. cxd3 gxh5 37. axb4 axb4 38. Rxh5 Kc5 39. Ke2 Kd4
40. Rhg5 R8f6 41. Rh2 d5 42. Rg7 Rf7 43. Rhg2 e4 44. dxe4 dxe4 45. Rxf7 Rxf7
46. Rg7 Rf3 47. Rxh7 Rh3 48. Rd7+ Kc4 49. h7 Kb3 50. Rb7 1/2-1/2

[Event "Mercredi 2022.10.05 ABCD"]
[Site "Montreal CAN"]
[Date "2022.11.02"]
[Round "5"]
[White "Cardin, Guillaume"]
[Black "Latorre, Vincent"]
[Result "0-1"]
[WhiteElo "2133"]
[BlackElo "2101"]
[PlyCount "120"]
[EventDate "2022.10.05"]
[EventType "tourn"]
[EventRounds "5"]
[EventCountry "CAN"]

1. d4 Nf6 2. c4 e6 3. Nf3 Bb4+ 4. Bd2 Qe7 5. e3 Nc6 6. Bd3 O-O 7. Nc3 d6 8. a3
Bxc3 9. Bxc3 e5 10. dxe5 dxe5 11. Bc2 Rd8 12. Qb1 Nd4 13. Nd2 Bg4 14. Bd3 Rd7
15. f3 Bh5 16. O-O Nc6 17. Ne4 Nxe4 18. Bxe4 Bg6 19. b4 Qe6 20. Bxg6 hxg6 21.
b5 Ne7 22. Qe4 f6 23. f4 Nf5 24. fxe5 fxe5 25. c5 Qd5 26. Qxd5+ Rxd5 27. e4 Rd3
28. Bxe5 Nd4 29. a4 Ne6 30. Rad1 Rxd1 31. Rxd1 Nxc5 32. Bxc7 Rc8 33. Rd8+ Rxd8
34. Bxd8 Nxa4 35. Ba5 Nc5 36. e5 Kf7 37. Bc3 Ke6 38. Kf1 Nd7 39. Ke2 Nxe5 40.
Bd4 b6 41. Kd2 Kd5 42. Kc3 g5 43. h3 g6 44. Be3 g4 45. hxg4 Nxg4 46. Bf4 Ne5
47. g3 Nd7 48. Kb4 Nc5 49. Bb8 a5+ 50. Kc3 Nd7 51. Bf4 Kc5 52. Kd3 Kxb5 53. Bd6
Kc6 54. Ba3 Kd5 55. Ke3 b5 56. Kf4 b4 57. Bb2 a4 58. Kg5 a3 59. Bc1 Ne5 60. g4
Nd3 0-1

[Event "Mercredi 2022.10.05 ABCD"]
[Site "Montreal CAN"]
[Date "2022.11.02"]
[Round "5"]
[White "Chapdelaine, Gwyn"]
[Black "Barko, Maxim"]
[Result "1-0"]
[WhiteElo "1889"]
[BlackElo "1925"]
[PlyCount "79"]
[EventDate "2022.10.05"]
[EventType "tourn"]
[EventRounds "5"]
[EventCountry "CAN"]

1. e4 d5 2. exd5 Qxd5 3. Nc3 Qa5 4. Bc4 Nf6 5. d3 c6 6. Bd2 Bf5 7. Nf3 Nbd7 8.
O-O e6 9. Re1 Qc7 10. Nd4 Bg4 11. f3 Bc5 12. Be3 Bxd4 13. Bxd4 Bf5 14. Bf2 O-O
15. a4 Nb6 16. Bb3 Nbd5 17. Ne4 Rfd8 18. Qd2 a5 19. Qg5 Bg6 20. Kh1 Kh8 21. Bd4
Bxe4 22. fxe4 Qf4 23. Qxf4 Nxf4 24. Bxf6 gxf6 25. Rf1 Nh5 26. g4 Ng7 27. Rxf6
Rd7 28. Raf1 Kg8 29. Bc4 Ne8 30. R6f2 Nd6 31. Ba2 Kg7 32. h4 h6 33. Kh2 b5 34.
axb5 cxb5 35. Rg1 a4 36. g5 h5 37. g6 fxg6 38. Rfg2 Kf7 39. Rxg6 Ke8 40. Rg8+
1-0

[Event "Mercredi 2022.10.05 ABCD"]
[Site "Montreal CAN"]
[Date "2022.11.02"]
[Round "5"]
[White "Genzling, Jerome"]
[Black "Di Matteo, Alessio"]
[Result "0-1"]
[WhiteElo "1992"]
[BlackElo "1973"]
[PlyCount "110"]
[EventDate "2022.10.05"]
[EventType "tourn"]
[EventRounds "5"]
[EventCountry "CAN"]

1. e4 e6 2. d4 d5 3. e5 c5 4. c3 Nc6 5. Nf3 Bd7 6. a3 c4 7. Be2 Na5 8. Nbd2 Bc6
9. O-O Qd7 10. h3 Ne7 11. Qe1 Nc8 12. Nh2 Nb6 13. f4 O-O-O 14. f5 Ba4 15. fxe6
fxe6 16. Nhf3 Be7 17. Qg3 g5 18. Nh2 h5 19. Ndf3 Nb3 20. Rb1 Nxc1 21. Rbxc1
Rdg8 22. Rf2 Qe8 23. h4 g4 24. Ng5 Bxg5 25. hxg5 Rxg5 26. Qh4 Rhg8 27. g3 Nd7
28. Rcf1 Qg6 29. Bd1 Bxd1 30. Rxd1 Kd8 31. Nf1 Ke8 32. Ne3 Qe4 33. Ng2 Qh7 34.
Rdf1 Qh6 35. Nf4 Nf8 36. Qh1 Qh7 37. Rh2 Rh8 38. Rh4 Ng6 39. Nxg6 Qxg6 40. Rh2
Rf5 41. Rhf2 Rhf8 42. Qh4 Rxf2 43. Rxf2 Qb1+ 44. Kg2 Rxf2+ 45. Kxf2 Qxb2+ 46.
Kf1 Qc1+ 47. Kg2 Qd2+ 48. Kg1 Qe3+ 49. Kg2 Qf3+ 50. Kh2 Qf5 51. Kg1 b5 52. Kg2
a5 53. Kg1 b4 54. axb4 axb4 55. Kg2 b3 0-1

[Event "Mercredi 2022.10.05 ABCD"]
[Site "Montreal CAN"]
[Date "2022.11.02"]
[Round "5"]
[White "Leveille, Francois"]
[Black "Adam, Rafael"]
[Result "1-0"]
[WhiteElo "2325"]
[BlackElo "2216"]
[PlyCount "165"]
[EventDate "2022.10.05"]
[EventType "tourn"]
[EventRounds "5"]
[EventCountry "CAN"]

1. e4 e5 2. Nf3 Nc6 3. Bb5 a6 4. Ba4 Nf6 5. O-O Nxe4 6. d4 b5 7. Bb3 d5 8. dxe5
Be6 9. Be3 Be7 10. c3 O-O 11. Nbd2 Nxd2 12. Qxd2 Na5 13. Bc2 Nc4 14. Qd3 g6 15.
Bc1 Bf5 16. Qe2 Bxc2 17. Qxc2 f6 18. Bh6 Re8 19. exf6 Bxf6 20. Rad1 c6 21. b3
Nd6 22. Be3 Nf5 23. Bc5 Qd7 24. h3 Qf7 25. Rd3 Re4 26. Qd2 Rae8 27. Ng5 Bxg5
28. Qxg5 h6 29. Qc1 Kh7 30. Qd1 Qe6 31. Qf3 Qe5 32. g3 h5 33. Bd4 Qe7 34. b4
Ng7 35. Bc5 Qe6 36. Re3 Qxh3 37. Rxe4 Rxe4 38. Qf6 Qe6 39. Qf8 Qe8 40. Qf6 Re6
41. Qf4 Nf5 42. Kg2 Rf6 43. Bd4 Rf7 44. Qd2 Re7 45. Bc5 Re2 46. Qf4 Qe4+ 47.
Qxe4 Rxe4 48. a4 Rc4 49. axb5 axb5 50. Re1 Rxc3 51. Re6 d4 52. Rxc6 Rc2 53.
Rc7+ Kg8 54. Rd7 Rd2 55. Kf1 d3 56. Ke1 Re2+ 57. Kd1 Re8 58. Kd2 Rb8 59. Kxd3
Ng7 60. Ke4 Ne6 61. Kd5 Nd8 62. Kd6 Rc8 63. Ke7 Nf7 64. Rb7 g5 65. Rxb5 h4 66.
gxh4 gxh4 67. Rb6 Rc7+ 68. Kf6 h3 69. Rb8+ Kh7 70. Ra8 Nh6 71. Ra3 Rc6+ 72. Ke7
Nf5+ 73. Kd7 Rh6 74. Ra1 Kg6 75. b5 Rh7+ 76. Kc6 Rh8 77. b6 Rc8+ 78. Kb5 Kf6
79. b7 Rg8 80. Rh1 Ng7 81. Rxh3 Ne6 82. Bd6 Nd4+ 83. Kb6 1-0

[Event "Mercredi 2022.10.05 ABCD"]
[Site "Montreal CAN"]
[Date "2022.11.02"]
[Round "5"]
[White "Mok, Yuen Tak"]
[Black "Beaudry, Marc-Andre"]
[Result "1/2-1/2"]
[WhiteElo "1995"]
[BlackElo "2033"]
[PlyCount "48"]
[EventDate "2022.10.05"]
[EventType "tourn"]
[EventRounds "5"]
[EventCountry "CAN"]

1. Nf3 Nf6 2. c4 g6 3. b4 Bg7 4. Bb2 O-O 5. g3 Nc6 6. b5 Na5 7. d3 a6 8. a4 d5
9. cxd5 Qxd5 10. Nc3 Qb3 11. Qc1 Nd5 12. Ra3 Qb4 13. Nd2 axb5 14. axb5 Be5 15.
Ra4 Qd6 16. Nce4 Bxb2 17. Qxb2 Qd8 18. Bg2 b6 19. h4 h5 20. O-O Bb7 21. Rfa1 c6
22. bxc6 Bxc6 23. R4a2 Qc7 24. Nc4 Rfb8 1/2-1/2